| 000 | 00746nam a2200229Ia 4500 | ||
|---|---|---|---|
| 008 | 191130s2005##################000#0#eng## | ||
| 020 | _a9780521822657 | ||
| 022 | _a2004045681 | ||
| 040 |
_aACL _cACL |
||
| 082 | _a462.496 LIP | ||
| 100 | _aLipski, John M | ||
| 245 |
_aA history of Afro-Hispanic language : five centuries, five continents _cJohn M. Lipski |
||
| 250 | _a1st ed | ||
| 260 |
_aCambridge _bCambridge Univeristy Press _c2005 |
||
| 300 | _ax, 363 p. ; 24 cm | ||
| 500 | _aIncludes bibliographical references and index | ||
| 650 | _aAfrican languages - Influence on Spanish | ||
| 650 | _aSpanish language - Foreign elements - African | ||
| 990 | _a8854f55eac10000c5ce01f7d21e10057 | ||
| 991 | _a415459 | ||
| 999 |
_c241676 _d241676 |
||